000 00614nam a2200217 i 4500
001 C2-0148298
003 PPAK
005 20180727131514.0
008 980319s1973 xx a|||| ||||| | eng d
040 _aPPAK
_beng
_cPPAK
_erda
082 0 4 _a583.47
_223
090 0 0 _a583.47
_bABB
_dR
100 1 _aAbbey, Edward,
_eauthor
245 1 0 _aCactus country
264 1 _a[place of publication not identified] :
_bTime-Life Books ,
_c1973
300 _a184 pages :
_bcolour illustrations ;
_c25 cm
336 _2rdacontent
_atext
337 _2rdamedia
_aunmediated
338 _2rdacarrier
_avolume
942 _ddc
_cB
999 _c46918
_d46918